=LDR 00000nam 2200000 4500 =001 INLIS000000000059106 =005 20211025083320 =035 ##$$a 0010-1021000554 =007 ta =008 211025###########################0#ind## =020 ##$$a 979-9311-00-4 =082 ##$$a 297 =084 ##$$a 297 Sad j =245 1#$$a Jaringan Konspirasi Menentang Islam /$c DR. Sa'duddin Al-Sayid Shalih =250 ##$$a Cet.2 =300 ##$$a xvi 213 halaman ; $c 22 cm =650 #4$$a Islam =700 #$$a Editor,Irfan S. Awwas =740 ##$$a Al-Muamaratu Dhiddal Islam =264 ##$$a Yogyakarta :$b Wihdah Press,$c 2000 =336 ##$$a teks$2 rdacontent =337 ##$$a lain-lain$2 rdamedia =338 ##$$a lain-lain$2 rdacarrier =990 ##$$a 23442344